AIDS and the human survival / (Record no. 67387)

MARC details
000 -LEADER
fixed length control field 00409nam a22001457a 4500
005 - DATE AND TIME OF LATEST TRANSACTION
control field 20180530162647.0
020 ## - INTERNATIONAL STANDARD BOOK NUMBER
International Standard Book Number 8172730179
Terms of availability 00
035 ## - SYSTEM CONTROL NUMBER
System control number A-991881, A-991884
037 ## - SOURCE OF ACQUISITION
Stock number DPL
Source of stock number/acquisition ENG
100 ## - MAIN ENTRY--PERSONAL NAME
Personal name Ramamurthy, V.
245 ## - TITLE STATEMENT
Title AIDS and the human survival /
Statement of responsibility, etc by V. Ramamurthy
260 ## - PUBLICATION, DISTRIBUTION, ETC. (IMPRINT)
Place of publication, distribution, etc Delhi
Name of publisher, distributor, etc Authorpress
Date of publication, distribution, etc 2000
300 ## - PHYSICAL DESCRIPTION
Extent v, 233p.
Dimensions 20 cms.
942 ## - ADDED ENTRY ELEMENTS (KOHA)
Source of classification or shelving scheme Dewey Decimal Classification
Item type English Books
Classification part 362.1969792
Call number suffix RAM
Holdings
Withdrawn status Lost status Not for loan Collection code Home library Current library Date acquired Cost, normal purchase price Full call number Barcode Cost, replacement price Koha item type Source of acquisition
      Non-fiction Sarojini Nagar Sarojini Nagar 02/06/2012 0.00 362.1969792 RAM A-991881 0.00 English Books  
      Non-fiction Shahdara Branch Shahdara Branch 30/05/2018 0.00 362.1969792 RAM A-991884 0.00 English Books BPPD/PUB

© Delhi Public Library
Hit Counter
free hit counter